[Event "23rd EUR-ch"]
[Site "Vrnjacka Banja SRB"]
[Date "2023.03.10"]
[Round "8.224"]
[White "Konstantinidis, Konstantinos"]
[Black "Mandryka, Vladislav"]
[Result "1/2-1/2"]
[WhiteElo "2047"]
[BlackElo "1465"]
[EventDate "2023.03.03"]
[PlyCount "128"]

1.e4 c6 2.d4 d5 3.exd5 cxd5 4.Bd3 Nc6 5.c3 Nf6 6.h3 g6 7.Qc2 Bg7 8.Nf3 O-O
9.O-O a6 10.Bg5 b5 11.a3 Bb7 12.Nbd2 Na5 13.Rfe1 Rc8 14.Re2 Qc7 15.Rae1 e6
16.Ne5 Nc4 17.Bf4 Qb6 18.Nb3 Nxe5 19.Bxe5 Nd7 20.Bxg7 Kxg7 21.Qd2 Rfe8 22.
Kh1 Ba8 23.h4 Qd8 24.Qf4 Qc7 25.Qxc7 Rxc7 26.Re3 Bb7 27.Bf1 Rb8 28.f3 Bc8 
29.Nc1 Nb6 30.Nd3 Nc4 31.R3e2 Nd6 32.g3 a5 33.Kg2 Nc4 34.Ra1 Nd6 35.Kf2 b4
36.cxb4 Ba6 37.Rd2 Bxd3 38.Bxd3 axb4 39.a4 b3 40.Rdd1 Rb4 41.Ke3 Ra7 42.a5
Nc4+ 43.Bxc4 Rxc4 44.Ra3 Rc2 45.Rd2 Rc6 46.Rd3 Rca6 47.Rdxb3 Rxa5 48.Kd3 
Kf6 49.Rxa5 Rxa5 50.Ra3 Rb5 51.Kc3 h5 52.Ra7 Rb8 53.b4 Rc8+ 54.Kb3 Rc1 55.
Ra5 Ke7 56.Rc5 Ra1 57.Rc7+ Ke8 58.b5 Rf1 59.Rc3 Rd1 60.Kb4 Rxd4+ 61.Kc5 
Rd1 62.Kc6 Kd8 63.Kb7 Rb1 64.b6 d4 1/2-1/2

[Event "23rd EUR-ch"]
[Site "Vrnjacka Banja SRB"]
[Date "2023.03.10"]
[Round "8.226"]
[White "Mitrovic, Stefan"]
[Black "Jovanovic, Sasa T."]
[Result "0-1"]
[WhiteElo "1859"]
[BlackElo "2130"]
[EventDate "2023.03.03"]
[PlyCount "140"]

1.d4 e6 2.Nf3 Nf6 3.c4 c5 4.d5 b5 5.Bg5 h6 6.Bxf6 Qxf6 7.Nc3 b4 8.Nb5 Na6 
9.Qd2 e5 10.e4 d6 11.a3 Qd8 12.axb4 Nxb4 13.Rxa7 Rxa7 14.Nxa7 Bd7 15.Nb5 
Qa5 16.Be2 Nc2+ 17.Kf1 Nb4 18.Na3 Qa4 19.Ne1 Be7 20.Qd1 O-O 21.Qxa4 Bxa4 
22.g3 Bg5 23.Nb5 Rd8 24.Nc3 Bb3 25.Kg2 Bc1 26.Nd3 Nxd3 27.Bxd3 Bxb2 28.Nb5
Bd4 29.f4 f6 30.fxe5 Bxe5 31.Rb1 Ba2 32.Re1 Ra8 33.Re2 Ra4 34.Kf3 Bxc4 35.
Bxc4 Rxc4 36.Ra2 Rb4 37.Nc7 Rb8 38.Ra7 g6 39.Ne6 f5 40.exf5 gxf5 41.Rc7 
Rb3+ 42.Kg2 Rd3 43.Nxc5 dxc5 44.Rxc5 Bd6 45.Ra5 Kf7 46.Ra2 Rxd5 47.Rf2 Kg6
48.Ra2 Rd3 49.Ra4 h5 50.Kh1 Rd2 51.Rc4 Be5 52.Kg1 Bf6 53.Rf4 Rd4 54.Rf3 h4
55.Kg2 Be5 56.Kh3 Kg5 57.Rb3 hxg3 58.hxg3 Rc4 59.Rb5 Bf6 60.Rd5 Rc3 61.Ra5
Bd8 62.Ra8 Bc7 63.Rg8+ Kf6 64.Kh4 Bd6 65.g4 Kf7 66.Ra8 Be7+ 67.g5 Rc4+ 68.
Kh5 Rg4 69.Ra5 Rxg5+ 70.Kh6 Rg6+ 0-1

[Event "23rd EUR-ch"]
[Site "Vrnjacka Banja SRB"]
[Date "2023.03.10"]
[Round "8.227"]
[White "Butolo, Alexandru-Mircea"]
[Black "Dimitrijevic, Andjela"]
[Result "1-0"]
[WhiteElo "2027"]
[BlackElo "1863"]
[EventDate "2023.03.03"]
[PlyCount "59"]

1.e4 c5 2.Nf3 d6 3.d4 cxd4 4.Nxd4 Nf6 5.Nc3 Nc6 6.Bg5 e6 7.Qd2 a6 8.O-O-O 
Bd7 9.f3 Be7 10.Be3 h5 11.Kb1 b5 12.Nxc6 Bxc6 13.Bd3 d5 14.exd5 Nxd5 15.
Be4 Nb4 16.Qf2 Qc7 17.Bb6 Qb8 18.Bc5 Qc7 19.Qd4 Rc8 20.Bxb4 Bd7 21.Bxe7 
Kxe7 22.Qb4+ Ke8 23.Qd6 Qa7 24.Rhe1 Rh6 25.Qd4 Qxd4 26.Rxd4 e5 27.Rxd7 
Kxd7 28.Bf5+ Kc7 29.Bxc8 Kxc8 30.Rxe5 1-0

[Event "23rd EUR-ch"]
[Site "Vrnjacka Banja SRB"]
[Date "2023.03.10"]
[Round "8.228"]
[White "Mitrovic, Vladan"]
[Black "Modric, Milos"]
[Result "0-1"]
[WhiteElo "1871"]
[BlackElo "2002"]
[EventDate "2023.03.03"]
[PlyCount "66"]

1.d4 Nf6 2.c4 e6 3.Nf3 d5 4.Nc3 Be7 5.Bf4 O-O 6.cxd5 exd5 7.Qc2 c6 8.e3 
Re8 9.Bd3 Na6 10.a3 Nc7 11.b4 a6 12.Be5 g6 13.h3 Ne6 14.h4 Ng7 15.h5 Nfxh5
16.Bxg7 Nxg7 17.Kd2 Bf5 18.Bxf5 Nxf5 19.g4 Nd6 20.Ne5 a5 21.b5 cxb5 22.
Rab1 Rc8 23.Qb3 Bf6 24.f4 Bxe5 25.fxe5 Nc4+ 26.Kd3 f6 27.Qxb5 Nxe3 28.Rbe1
Nxg4 29.Nxd5 fxe5 30.Qxb7 Nf2+ 31.Kd2 Nxh1 32.Rxe5 Rxe5 33.dxe5 Rc5 0-1

[Event "23rd EUR-ch"]
[Site "Vrnjacka Banja SRB"]
[Date "2023.03.10"]
[Round "8.230"]
[White "Tadic, Katarina"]
[Black "Bozic, Sasa"]
[Result "1-0"]
[WhiteElo "1919"]
[BlackElo "1839"]
[EventDate "2023.03.03"]
[PlyCount "95"]

1.Nf3 d5 2.g3 Nf6 3.Bg2 e6 4.O-O Be7 5.d4 O-O 6.c4 c6 7.Qc2 Nbd7 8.Rd1 Ne4
9.b3 Ng5 10.Ne5 f5 11.Nd2 Nf7 12.Ndf3 Bf6 13.Bb2 g5 14.Nd3 b6 15.Rac1 Ba6 
16.Nfe5 Rc8 17.f3 Bb7 18.e4 fxe4 19.fxe4 Qe7 20.Qe2 Nfxe5 21.dxe5 Bg7 22.
exd5 cxd5 23.Qg4 Rfe8 24.Qd4 Nf8 25.cxd5 exd5 26.Bxd5+ Ne6 27.Qe4 Bxd5 28.
Qxd5 Rcd8 29.Qc4 Kh8 30.Nf2 Rxd1+ 31.Rxd1 Qc5 32.Qxc5 Nxc5 33.Ng4 a5 34.
Rd6 b5 35.Nf6 Bxf6 36.exf6 Kg8 37.Rd5 Rc8 38.Rxg5+ Kf8 39.Rg7 Nd3 40.Rxh7 
Rc2 41.Bd4 Ne1 42.Bb6 Nf3+ 43.Kf1 Nxh2+ 44.Ke1 Nf3+ 45.Kd1 Rc6 46.Bxa5 
Rxf6 47.Rh5 Rg6 48.Rf5+ 1-0

[Event "23rd EUR-ch"]
[Site "Vrnjacka Banja SRB"]
[Date "2023.03.10"]
[Round "8.231"]
[White "Djordjevic, Nevena"]
[Black "Tabakovski, Dino"]
[Result "0-1"]
[WhiteElo "1889"]
[BlackElo "1692"]
[EventDate "2023.03.03"]
[PlyCount "74"]

1.d4 Nf6 2.Nf3 g6 3.c4 Bg7 4.Bf4 c5 5.e3 cxd4 6.exd4 d5 7.Nc3 O-O 8.Bd3 
Nc6 9.h3 Nb4 10.Be2 dxc4 11.Bxc4 Nbd5 12.Be5 Qa5 13.Qb3 Be6 14.Bxf6 Nxc3 
15.Qxc3 Qxc3+ 16.bxc3 Bxc4 17.Bxg7 Kxg7 18.Ne5 Bd5 19.Rg1 Rfc8 20.Kd2 f6 
21.Nd3 Rc4 22.a3 Rac8 23.Rgc1 b6 24.h4 R8c7 25.Rab1 Be4 26.Rb4 R4c6 27.Rb2
e5 28.Nb4 Rc4 29.dxe5 fxe5 30.Ra2 a5 31.f3 Bxf3 32.Nd3 Rd7 33.Ke3 Bd5 34.
Rb2 Re4+ 35.Kf2 Bc4 36.Ne1 Rf7+ 37.Nf3 Rg4 0-1

[Event "23rd EUR-ch"]
[Site "Vrnjacka Banja SRB"]
[Date "2023.03.10"]
[Round "8.232"]
[White "Pirvulescu, Adrian"]
[Black "Labrovic, Jakov"]
[Result "1-0"]
[WhiteElo "1738"]
[BlackElo "1888"]
[EventDate "2023.03.03"]
[PlyCount "105"]

1.e4 e6 2.d4 d5 3.Nc3 Nf6 4.Bg5 Be7 5.e5 Nfd7 6.h4 Bxg5 7.hxg5 Qxg5 8.Nh3 
Qe7 9.Qg4 f5 10.Qh5+ g6 11.Qh6 Nf8 12.Ng5 Nc6 13.O-O-O Nd8 14.f4 Nf7 15.
Qg7 h5 16.Bb5+ c6 17.Nxf7 Rh7 18.Nd6+ Qxd6 19.Qxh7 Qb4 20.Qc7 cxb5 21.Rh3 
a5 22.a3 Qc4 23.Qb6 Bd7 24.b3 Qc6 25.Qxc6 bxc6 26.Kb2 Ke7 27.Ne2 Be8 28.
Nc1 Nd7 29.Nd3 Ra7 30.Rg3 Kd8 31.Ne1 Nb6 32.Nf3 a4 33.Ng5 Ke7 34.Nh7 Nd7 
35.Ng5 c5 36.c3 axb3 37.Kxb3 c4+ 38.Kb2 Nb6 39.Ra1 Nd7 40.Re3 Nb8 41.Rh1 
Nc6 42.Nf3 Kf8 43.Ng5 Ke7 44.Nf3 Ra6 45.Ng5 Na5 46.Rg3 Nb3 47.Nf3 Kf7 48.
Nh4 Kg7 49.Nxg6 Kh6 50.Ne7 Bf7 51.Ng8+ Kh7 52.Nf6+ Kh6 53.Nxh5 1-0

[Event "23rd EUR-ch"]
[Site "Vrnjacka Banja SRB"]
[Date "2023.03.10"]
[Round "8.233"]
[White "Gogic, Anastasija"]
[Black "Hlebec, Darko"]
[Result "0-1"]
[WhiteElo "1772"]
[BlackElo "1900"]
[EventDate "2023.03.03"]
[PlyCount "79"]

1.e4 e5 2.Nf3 Nf6 3.d4 Nxe4 4.dxe5 d5 5.Nbd2 Nxd2 6.Bxd2 Bf5 7.Bd3 Bxd3 8.
cxd3 Be7 9.Qb3 b6 10.d4 O-O 11.O-O Qd7 12.Rfe1 c5 13.dxc5 bxc5 14.Rad1 Nc6
15.Bf4 Rfd8 16.Ng5 Qf5 17.Qg3 Bxg5 18.Bxg5 Rd7 19.h4 Nd4 20.Rxd4 cxd4 21.
Rd1 Re8 22.Bf4 Qe4 23.f3 Qg6 24.Qxg6 hxg6 25.Rxd4 Rc8 26.Bd2 Rc4 27.Bc3 
Kf8 28.Kf2 Rxd4 29.Bxd4 Ke7 30.Ke3 Ke6 31.g4 a6 32.f4 Rc7 33.Bc3 Rc4 34.a3
Re4+ 35.Kf3 Rc4 36.Ke3 Kd7 37.h5 gxh5 38.gxh5 Ke6 39.Bb4 Rc8 40.Bc3 0-1

[Event "23rd EUR-ch"]
[Site "Vrnjacka Banja SRB"]
[Date "2023.03.10"]
[Round "8.234"]
[White "Kanana, Ziad"]
[Black "Popovic, Igor"]
[Result "1-0"]
[WhiteElo "1757"]
[BlackElo "1831"]
[EventDate "2023.03.03"]
[PlyCount "132"]

1.e4 c5 2.Nf3 e6 3.d4 cxd4 4.Nxd4 Nf6 5.Nc3 d6 6.g4 h6 7.Rg1 Nc6 8.Be3 Be7
9.Nb3 a6 10.Qe2 b5 11.O-O-O Qc7 12.f4 Nd7 13.Kb1 Bb7 14.Qf2 Rc8 15.h4 Na5 
16.Bd3 Nc4 17.Bd4 e5 18.fxe5 dxe5 19.Be3 Nxb2 20.Nxb5 axb5 21.Kxb2 Qc3+ 
22.Kb1 Ba3 23.Bc1 Bxc1 24.Rxc1 Ra8 25.Bxb5 Bc6 26.Rg3 Qxg3 27.Qxg3 Bxb5 
28.c4 Bc6 29.Qe3 Nf6 30.Nd2 Nxg4 31.Qc5 Rc8 32.Qd6 h5 33.Re1 Rh6 34.Qa3 
Rf6 35.c5 Rf2 36.Qa6 Rb8+ 37.Kc1 Bb5 38.Qa7 Rc8 39.Nb3 Bd3 40.Nd2 Kf8 41.
Qa3 Bb5 42.Qb4 Bc6 43.Rf1 Rxf1+ 44.Nxf1 Nf2 45.Kd2 Nxe4+ 46.Kd3 Ke8 47.Nd2
Rd8+ 48.Ke3 Nxd2 49.a4 f5 50.Qc3 f4+ 51.Ke2 Kf7 52.Qa5 Rd7 53.Qb6 Bxa4 54.
c6 f3+ 55.Kf2 Bxc6 56.Qxc6 Rd6 57.Qc7+ Kg8 58.Qc8+ Kh7 59.Qf5+ Kh6 60.Qg5+
Kh7 61.Qxe5 Rg6 62.Qxh5+ Rh6 63.Qf5+ Kh8 64.Qc8+ Kh7 65.Qc2+ Kh8 66.Qxd2 
Rxh4 1-0

[Event "23rd EUR-ch"]
[Site "Vrnjacka Banja SRB"]
[Date "2023.03.10"]
[Round "8.235"]
[White "Tadic, Ana"]
[Black "Lakusic, Zoran"]
[Result "1/2-1/2"]
[WhiteElo "1817"]
[BlackElo "1641"]
[EventDate "2023.03.03"]
[PlyCount "95"]

1.e4 d6 2.d4 Nf6 3.Nd2 e5 4.c3 Be7 5.h3 c6 6.Ngf3 Nbd7 7.Bd3 g6 8.O-O Nh5 
9.Nc4 b5 10.Ne3 Nf4 11.Bc2 Qc7 12.a4 a5 13.Bb3 Nf6 14.axb5 cxb5 15.dxe5 
dxe5 16.Nd5 N6xd5 17.Bxd5 Rb8 18.Bxf4 exf4 19.Nd4 Bd7 20.e5 Qxe5 21.Nc6 
Bxc6 22.Bxc6+ Kf8 23.Rxa5 Kg7 24.Re1 Rhd8 25.Qc1 Qc5 26.Qxf4 Bg5 27.Qf3 
Rd6 28.Be4 Rf6 29.Qe2 Bh4 30.Rf1 Qb6 31.b4 Re6 32.Qf3 Rf6 33.Qe2 Re6 34.
Qg4 Bf6 35.Qf3 Rc8 36.Rc1 Rce8 37.Bd5 Re1+ 38.Rxe1 Rxe1+ 39.Kh2 Be5+ 40.g3
f6 41.Ra8 Qc7 42.Bc6 Rc1 43.Qe3 Rxc3 44.Ra7 Rxe3 45.Rxc7+ Bxc7 46.fxe3 Bd6
47.Bxb5 Bxb4 48.Kg2 1/2-1/2

[Event "23rd EUR-ch"]
[Site "Vrnjacka Banja SRB"]
[Date "2023.03.10"]
[Round "8.236"]
[White "Kovac, Mihael"]
[Black "Orlovic, Lucie"]
[Result "1-0"]
[WhiteElo "1784"]
[BlackElo "1004"]
[EventDate "2023.03.03"]
[PlyCount "26"]

1.e4 e6 2.d4 Nf6 3.e5 Nd5 4.c4 Bb4+ 5.Bd2 Bxd2+ 6.Qxd2 Ne7 7.Bd3 g6 8.Nc3 
O-O 9.Nf3 d6 10.Qh6 Nf5 11.Bxf5 exf5 12.Ng5 Qxg5 13.Qxg5 f6 1-0

[Event "23rd EUR-ch"]
[Site "Vrnjacka Banja SRB"]
[Date "2023.03.10"]
[Round "8.237"]
[White "Kamenov, Valentin"]
[Black "Nikolovski, David"]
[Result "1-0"]
[WhiteElo "1704"]
[BlackElo "1860"]
[EventDate "2023.03.03"]
[PlyCount "61"]

1.e4 c5 2.Nf3 d6 3.d4 cxd4 4.Nxd4 Nf6 5.Bc4 e6 6.Nc3 a6 7.Bb3 Nbd7 8.O-O 
Nc5 9.Qe2 Qc7 10.Kh1 Be7 11.f4 O-O 12.f5 e5 13.Nf3 Nxb3 14.axb3 b6 15.g4 
Bb7 16.g5 Nd7 17.f6 gxf6 18.gxf6 Bxf6 19.Bg5 Bg7 20.Rg1 Kh8 21.Be7 Nc5 22.
Rxg7 Qxe7 23.Rag1 Rg8 24.Qg2 Qf8 25.Rxg8+ Qxg8 26.Qh3 Qf8 27.Ng5 Qg7 28.
Qf5 f6 29.Nxh7 Qh6 30.Nxf6 Rf8 31.Qg4 1-0

[Event "23rd EUR-ch"]
[Site "Vrnjacka Banja SRB"]
[Date "2023.03.10"]
[Round "8.238"]
[White "Orlovic, Isa"]
[Black "Mladenovic, Milan"]
[Result "1/2-1/2"]
[WhiteElo "1752"]
[BlackElo "1787"]
[EventDate "2023.03.03"]
[PlyCount "21"]

1.d4 Nf6 2.c4 d6 3.Bg5 Nbd7 4.Nc3 e5 5.Bxf6 Nxf6 6.dxe5 dxe5 7.Qxd8+ Kxd8 
8.O-O-O+ Bd7 9.Nf3 Bd6 10.c5 Bxc5 11.Nxe5 1/2-1/2

[Event "23rd EUR-ch"]
[Site "Vrnjacka Banja SRB"]
[Date "2023.03.11"]
[Round "9.1"]
[White "Sarana, Alexei"]
[Black "Korobov, Anton"]
[Result "1-0"]
[WhiteElo "2668"]
[BlackElo "2658"]
[EventDate "2023.03.03"]
[PlyCount "113"]

1.d4 Nf6 2.c4 e6 3.Nf3 Bb4+ 4.Bd2 c5 5.Bxb4 cxb4 6.e3 b6 7.Bd3 Bb7 8.Nbd2 
O-O 9.O-O a5 10.Re1 d6 11.e4 Nc6 12.Nf1 e5 13.Bc2 Rc8 14.Rc1 g6 15.Ba4 Qe7
16.Ne3 Nxd4 17.Nxd4 exd4 18.Qxd4 Nxe4 19.Ng4 Qg5 20.Bd7 Rc5 21.Rcd1 h5 22.
Rxe4 hxg4 23.Rxg4 Qe5 24.Qxd6 Qxd6 25.Rxd6 Rd8 26.Rgd4 Kf8 27.Bb5 Rxd6 28.
Rxd6 Be4 29.Rxb6 Bd3 30.Rb8+ Ke7 31.b3 Bb1 32.Ba4 Re5 33.f4 Re1+ 34.Kf2 
Rc1 35.Re8+ Kd6 36.Re1 Rc2+ 37.Re2 Rc3 38.Rd2+ Kc5 39.Be8 f6 40.Rd5+ Kb6 
41.Rd6+ Kc5 42.Rd5+ Kb6 43.Rd2 Kc5 44.h4 Be4 45.f5 gxf5 46.h5 a4 47.Bxa4 
f4 48.Re2 Bxg2 49.Bd7 Bf3 50.h6 Bxe2 51.h7 Rc2 52.h8=Q Bg4+ 53.Ke1 Rc1+ 
54.Kd2 Rd1+ 55.Kc2 Rxd7 56.Qxf6 Bd1+ 57.Kc1 1-0

[Event "23rd EUR-ch"]
[Site "Vrnjacka Banja SRB"]
[Date "2023.03.11"]
[Round "9.2"]
[White "Gledura, Benjamin"]
[Black "Gelfand, Boris"]
[Result "1/2-1/2"]
[WhiteElo "2637"]
[BlackElo "2674"]
[EventDate "2023.03.03"]
[PlyCount "83"]

1.d4 Nf6 2.c4 e6 3.Nf3 d5 4.Nc3 c6 5.e3 Nbd7 6.Be2 Bd6 7.O-O O-O 8.a4 a5 
9.b3 b6 10.Bb2 Bb7 11.Qc2 Rc8 12.Rad1 c5 13.Nb5 Bb8 14.Ne5 Qe7 15.f4 cxd4 
16.Nxd7 Qxd7 17.Bxd4 Qe7 18.Qb2 Rfe8 19.Bf3 e5 20.fxe5 Bxe5 21.Bxe5 Qxe5 
22.Qxe5 Rxe5 23.Nd6 Rb8 24.Nxb7 Rxb7 25.Bxd5 Rbe7 26.e4 Kf8 27.b4 axb4 28.
Rb1 Nxd5 29.exd5 Re2 30.Rxb4 Rc2 31.Kh1 Ree2 32.Rg1 Red2 33.h3 g5 34.Rxb6 
Rxc4 35.a5 Ra4 36.a6 Rxd5 37.Rf1 Rda5 38.Rb7 Rf4 39.Rxf4 gxf4 40.a7 Ra1+ 
41.Kh2 Kg7 42.Rb4 1/2-1/2

[Event "23rd EUR-ch"]
[Site "Vrnjacka Banja SRB"]
[Date "2023.03.11"]
[Round "9.3"]
[White "Predke, Alexander"]
[Black "Dardha, Daniel"]
[Result "1/2-1/2"]
[WhiteElo "2684"]
[BlackElo "2610"]
[EventDate "2023.03.03"]
[PlyCount "47"]

1.e4 e5 2.Nf3 Nf6 3.d4 Nxe4 4.Bd3 Nc6 5.d5 Nf6 6.Nc3 Bb4 7.dxc6 e4 8.O-O 
Bxc3 9.bxc3 O-O 10.cxb7 Bxb7 11.Rb1 Rb8 12.Nd4 exd3 13.cxd3 Nd5 14.Qf3 Qf6
15.Qxf6 Nxf6 16.c4 d5 17.Ba3 Rfe8 18.Nb5 dxc4 19.dxc4 Be4 20.Rb3 Red8 21.
f3 Bc2 22.Rc3 Ba4 23.Nxa7 Rd2 24.Rf2 1/2-1/2

[Event "23rd EUR-ch"]
[Site "Vrnjacka Banja SRB"]
[Date "2023.03.11"]
[Round "9.4"]
[White "Esipenko, Andrei"]
[Black "Bjerre, Jonas Buhl"]
[Result "1-0"]
[WhiteElo "2680"]
[BlackElo "2608"]
[EventDate "2023.03.03"]
[PlyCount "145"]

1.d4 Nf6 2.c4 e6 3.Nf3 d5 4.g3 c5 5.cxd5 exd5 6.Bg2 Nc6 7.O-O Be7 8.dxc5 
Bxc5 9.a3 Ne4 10.Nfd2 O-O 11.Nxe4 dxe4 12.Qxd8 Rxd8 13.Bxe4 Bd4 14.Re1 Re8
15.Nd2 Be6 16.Nf3 Bf6 17.Bg5 Bxb2 18.Rab1 Bxa3 19.Rxb7 Rac8 20.Be3 Bc4 21.
Bf5 Be6 22.Bxe6 Rxe6 23.Bxa7 Re7 24.Rxe7 Nxe7 25.Be3 Nd5 26.Bd2 Bb4 27.
Bxb4 Nxb4 28.Rd1 h6 29.g4 Re8 30.e3 Nc6 31.Rd5 Re4 32.h3 g6 33.Kg2 Kg7 34.
Kg3 Ne7 35.Rb5 Ng8 36.Ne5 Kf6 37.Nf3 Kg7 38.h4 Nf6 39.Ne5 h5 40.g5 Ng4 41.
Nf3 Ra4 42.Nd2 Kf8 43.Rc5 Ra1 44.Ne4 Ke7 45.Rb5 Rc1 46.Kf4 Rc4 47.Rb2 f5 
48.gxf6+ Nxf6 49.Rb7+ Kf8 50.f3 Nd5+ 51.Kg5 Rc6 52.Rb3 Re6 53.Rd3 Ne7 54.
Rd6 Re5+ 55.Kf6 Rf5+ 56.Ke6 Rxf3 57.Rd8+ Kg7 58.Rd7 Rxe3 59.Rxe7+ Kf8 60.
Rf7+ Kg8 61.Rf4 Kg7 62.Ke5 Re1 63.Kd4 Rd1+ 64.Ke3 Re1+ 65.Kf2 Ra1 66.Ng5 
Ra3 67.Ne6+ Kg8 68.Rf8+ Kh7 69.Rf7+ Kg8 70.Rg7+ Kh8 71.Rxg6 Rh3 72.Rh6+ 
Kg8 73.Rxh5 1-0

[Event "23rd EUR-ch"]
[Site "Vrnjacka Banja SRB"]
[Date "2023.03.11"]
[Round "9.5"]
[White "Bernadskiy, Vitaliy"]
[Black "Shevchenko, Kirill"]
[Result "0-1"]
[WhiteElo "2611"]
[BlackElo "2668"]
[EventDate "2023.03.03"]
[PlyCount "90"]

1.e4 e5 2.Nf3 Nc6 3.Bb5 a6 4.Ba4 Nf6 5.O-O Bc5 6.d4 Nxd4 7.Nxe5 O-O 8.b4 
Ba7 9.Be3 Ne6 10.Bxa7 Rxa7 11.Nc3 d6 12.Nd3 b5 13.Bb3 c5 14.Bxe6 Bxe6 15.
bxc5 dxc5 16.Nxc5 Rc7 17.Nxe6 fxe6 18.Qe1 Qd4 19.Ne2 Qxe4 20.c3 e5 21.Rd1 
Qc4 22.Qd2 Rd7 23.Qc2 Rxd1 24.Rxd1 Ne4 25.Rf1 Rd8 26.Rd1 Rxd1+ 27.Qxd1 
Qxa2 28.Qd8+ Kf7 29.Qd7+ Kg6 30.g4 Qb1+ 31.Kg2 Nf6 32.Qe6 Qe4+ 33.Kf1 a5 
34.h4 a4 35.g5 Qd5 36.Qe7 Qd1+ 37.Kg2 Qxe2 38.gxf6 Qg4+ 39.Kf1 Qc4+ 40.Kg1
Qg4+ 41.Kf1 Qc4+ 42.Kg1 gxf6 43.h5+ Kxh5 44.Qxf6 Qe4 45.Kf1 Qd3+ 0-1

[Event "23rd EUR-ch"]
[Site "Vrnjacka Banja SRB"]
[Date "2023.03.11"]
[Round "9.6"]
[White "Paravyan, David"]
[Black "Cheparinov, Ivan"]
[Result "1-0"]
[WhiteElo "2584"]
[BlackElo "2661"]
[EventDate "2023.03.03"]
[PlyCount "121"]

1.e4 e5 2.Nf3 Nc6 3.Bb5 a6 4.Ba4 Nf6 5.O-O Be7 6.Re1 b5 7.Bb3 O-O 8.h3 Bb7
9.d3 d5 10.exd5 Nxd5 11.Nxe5 Nxe5 12.Rxe5 Qd6 13.Re1 c5 14.Nd2 Rae8 15.Ne4
Qc6 16.c4 Nb6 17.f3 Bh4 18.Rf1 Qc7 19.Qc2 b4 20.Be3 Nd7 21.Ba4 Bc6 22.Bxc6
Qxc6 23.Bf2 Bxf2+ 24.Nxf2 Re6 25.Rae1 Rfe8 26.Qd1 Qd6 27.b3 Nb8 28.Rxe6 
Rxe6 29.Re1 Nc6 30.Rxe6 Qxe6 31.Kf1 h5 32.Qe1 Nd4 33.Qxe6 Nxe6 34.h4 Kf8 
35.Ne4 f5 36.Ng5 Nd4 37.Nh3 Kf7 38.Nf4 g6 39.Ke1 Kf6 40.Nd5+ Ke5 41.f4+ 
Kd6 42.Ne3 Ne6 43.g3 Nd4 44.Kd2 Kc6 45.Nc2 Kb6 46.Ne1 a5 47.Ke3 a4 48.bxa4
Ka5 49.Nf3 Nxf3 50.Kxf3 Kxa4 51.d4 cxd4 52.Ke2 Ka3 53.c5 Kxa2 54.c6 b3 55.
c7 b2 56.c8=Q b1=Q 57.Qa6+ Kb2 58.Qb6+ Kc1 59.Qxb1+ Kxb1 60.Kd3 Kc1 61.
Kxd4 1-0

[Event "23rd EUR-ch"]
[Site "Vrnjacka Banja SRB"]
[Date "2023.03.11"]
[Round "9.8"]
[White "Svane, Frederik"]
[Black "Grandelius, Nils"]
[Result "1/2-1/2"]
[WhiteElo "2577"]
[BlackElo "2658"]
[EventDate "2023.03.03"]
[PlyCount "49"]

1.Nf3 d5 2.g3 g6 3.Bg2 Bg7 4.d4 Nf6 5.c4 c6 6.cxd5 cxd5 7.Ne5 O-O 8.Nc3 
Bf5 9.O-O Ne4 10.Bf4 Nxc3 11.bxc3 Nc6 12.Nxc6 bxc6 13.Qa4 e6 14.Qxc6 Rc8 
15.Qa4 Rxc3 16.Rfc1 Rxc1+ 17.Rxc1 Qb6 18.e3 Qb2 19.Qd1 Bd3 20.Bf1 Bxf1 21.
Rc2 Qb7 22.Qxf1 Rc8 23.Qb5 Qxb5 24.Rxc8+ Bf8 25.Bh6 1/2-1/2

[Event "23rd EUR-ch"]
[Site "Vrnjacka Banja SRB"]
[Date "2023.03.11"]
[Round "9.9"]
[White "Ponomariov, Ruslan"]
[Black "Dragnev, Valentin"]
[Result "0-1"]
[WhiteElo "2655"]
[BlackElo "2561"]
[EventDate "2023.03.03"]
[PlyCount "66"]

1.e4 e5 2.Nf3 Nf6 3.Nxe5 d6 4.Nf3 Nxe4 5.Nc3 Nxc3 6.dxc3 Be7 7.Be3 O-O 8.
Qd2 Nd7 9.O-O-O Nf6 10.Bd3 Re8 11.Rhe1 Bg4 12.h3 Bxf3 13.gxf3 d5 14.Rg1 
Bf8 15.Kb1 Qd6 16.h4 Nd7 17.Be2 Nb6 18.b3 Re6 19.f4 Rae8 20.Bg4 Rxe3 21.
fxe3 Qa3 22.Rg3 Be7 23.Qd4 Bc5 24.Qd3 Re4 25.c4 Be7 26.c3 Bf6 27.cxd5 Na4 
28.Qd2 Nxc3+ 29.Kc2 Qxa2+ 30.Kd3 Qxb3 31.Qxc3 Qxc3+ 32.Kxe4 Qc2+ 33.Rd3 
Qc4+ 0-1

[Event "23rd EUR-ch"]
[Site "Vrnjacka Banja SRB"]
[Date "2023.03.11"]
[Round "9.11"]
[White "Nguyen Thai Dai Van"]
[Black "Gumularz, Szymon"]
[Result "1/2-1/2"]
[WhiteElo "2651"]
[BlackElo "2558"]
[EventDate "2023.03.03"]
[PlyCount "77"]

1.d4 d5 2.c4 c6 3.Nf3 Nf6 4.Nc3 a6 5.e3 e6 6.b3 Bb4 7.Bd2 Nbd7 8.Bd3 O-O 
9.O-O Bd6 10.Re1 Re8 11.Qc2 h6 12.h3 e5 13.cxd5 cxd5 14.e4 b5 15.Nxd5 Nxd5
16.exd5 Bb7 17.Qb2 Qf6 18.Nh2 Bxd5 19.Ng4 Qe6 20.dxe5 Bxe5 21.Bc3 Bxc3 22.
Qxc3 Qb6 23.Bf5 Nf8 24.Rad1 Rxe1+ 25.Qxe1 Be6 26.Qe3 Qc7 27.Qe4 Rd8 28.
Rxd8 Qxd8 29.Ne3 Qa5 30.Qc2 Bxf5 31.Nxf5 Qe1+ 32.Kh2 Qe5+ 33.g3 h5 34.h4 
g6 35.Ne3 Kg7 36.Kg2 Ne6 37.Qc6 Nd4 38.Qd5 Kf6 39.Qd8+ 1/2-1/2

[Event "23rd EUR-ch"]
[Site "Vrnjacka Banja SRB"]
[Date "2023.03.11"]
[Round "9.12"]
[White "Abasov, Nijat"]
[Black "Subelj, Jan"]
[Result "1/2-1/2"]
[WhiteElo "2625"]
[BlackElo "2496"]
[EventDate "2023.03.03"]
[PlyCount "44"]

1.d4 d5 2.c4 c6 3.Nc3 Nf6 4.Nf3 dxc4 5.a4 Bf5 6.e3 e6 7.Bxc4 Bb4 8.O-O O-O
9.Qe2 Bg6 10.Ne5 Nbd7 11.Nxg6 hxg6 12.Rd1 Qc7 13.Bd2 a5 14.Rac1 Rad8 15.
Ba2 Nb6 16.Bb3 e5 17.dxe5 Qxe5 18.Be1 g5 19.Rxd8 Rxd8 20.Rd1 Rxd1 21.Qxd1 
Nbd7 22.h3 g6 1/2-1/2

[Event "23rd EUR-ch"]
[Site "Vrnjacka Banja SRB"]
[Date "2023.03.11"]
[Round "9.13"]
[White "Parkhov, Yair"]
[Black "Svane, Rasmus"]
[Result "1/2-1/2"]
[WhiteElo "2485"]
[BlackElo "2620"]
[EventDate "2023.03.03"]
[PlyCount "30"]

1.d4 Nf6 2.c4 e6 3.Nc3 Bb4 4.f3 c5 5.d5 b5 6.e4 d6 7.a3 Ba5 8.Bd3 O-O 9.
Ne2 bxc4 10.Bxc4 Ba6 11.Bxa6 Nxa6 12.dxe6 fxe6 13.O-O c4 14.Be3 Rb8 15.Kh1
Rxb2 1/2-1/2

[Event "23rd EUR-ch"]
[Site "Vrnjacka Banja SRB"]
[Date "2023.03.11"]
[Round "9.14"]
[White "Vocaturo, Daniele"]
[Black "Kourkoulos-Arditis, Stamatis"]
[Result "1/2-1/2"]
[WhiteElo "2619"]
[BlackElo "2520"]
[EventDate "2023.03.03"]
[PlyCount "98"]

1.e4 e5 2.Nf3 Nc6 3.Bb5 a6 4.Ba4 Nf6 5.O-O Bc5 6.c3 b5 7.Bb3 d6 8.a4 Bg4 
9.h3 Bxf3 10.Qxf3 Na5 11.Bc2 b4 12.Qd1 O-O 13.d4 exd4 14.cxd4 Bb6 15.d5 
Re8 16.Nd2 c6 17.dxc6 Rc8 18.Re1 Rxc6 19.Nf3 d5 20.exd5 Rxe1+ 21.Nxe1 Qxd5
22.Qxd5 Nxd5 23.Bg5 h6 24.Rd1 hxg5 25.Rxd5 b3 26.Bd3 Rc1 27.Kf1 Nc6 28.Ke2
Bd4 29.Be4 Bxb2 30.Rd6 Nd4+ 31.Kd2 Rc8 32.Nf3 Bc3+ 33.Kd1 Ne6 34.Rxa6 b2 
35.Kc2 Rb8 36.Kb1 Nc5 37.Ra8 Rxa8 38.Bxa8 Nxa4 39.Nxg5 Nb6 40.Be4 g6 41.
Nf3 f5 42.Bc2 Kg7 43.Bb3 Nd7 44.Kc2 Nc5 45.Ba2 Ne4 46.Ng5 Nxg5 47.Kxc3 
Ne4+ 48.Kxb2 Nxf2 49.Kc3 Kf6 1/2-1/2

[Event "23rd EUR-ch"]
[Site "Vrnjacka Banja SRB"]
[Date "2023.03.11"]
[Round "9.15"]
[White "Gurel, Ediz"]
[Black "Warmerdam, Max"]
[Result "1/2-1/2"]
[WhiteElo "2454"]
[BlackElo "2614"]
[EventDate "2023.03.03"]
[PlyCount "116"]

1.e4 e5 2.Nf3 Nc6 3.Bb5 a6 4.Bxc6 dxc6 5.O-O Qf6 6.d4 exd4 7.Bg5 Qd6 8.
Nxd4 Be7 9.Be3 Nf6 10.f3 c5 11.Ne2 Be6 12.Nbc3 O-O-O 13.Qxd6 Bxd6 14.Rad1 
Rhg8 15.Rd2 g5 16.Rfd1 Rde8 17.g4 h5 18.h3 Nd7 19.Kg2 f6 20.b3 Rh8 21.Ng3 
hxg4 22.hxg4 Rh4 23.Nd5 Reh8 24.Bg1 Ne5 25.Ne3 Rh3 26.Rxd6 cxd6 27.Rxd6 
Ng6 28.Nh5 R8xh5 29.gxh5 Nf4+ 30.Kf2 Kc7 31.Rd2 Rxh5 32.Ng2 Ng6 33.Ne3 Nf4
34.Ng2 Ng6 35.Ne3 Rh3 36.Nf1 Ne5 37.Ng3 b6 38.Kg2 Ng6 39.Kf2 a5 40.a4 Ne5 
41.Kg2 Ng6 42.Kf2 c4 43.Ne2 Ne5 44.Nd4 Bd7 45.Kg2 Kc8 46.Bf2 g4 47.Bg3 c3 
48.Rf2 Nxf3 49.Nxf3 Bc6 50.Re2 gxf3+ 51.Kxf3 f5 52.Re3 Bxe4+ 53.Kf4 Rh1 
54.Rxc3+ Kb7 55.Ke3 Rg1 56.Be5 Rg2 57.Rc7+ Ka6 58.c4 Bc2 1/2-1/2

[Event "23rd EUR-ch"]
[Site "Vrnjacka Banja SRB"]
[Date "2023.03.11"]
[Round "9.17"]
[White "Martirosian, Haik M."]
[Black "Mchedlishvili, Mikheil"]
[Result "1/2-1/2"]
[WhiteElo "2686"]
[BlackElo "2569"]
[EventDate "2023.03.03"]
[PlyCount "55"]

1.d4 d5 2.c4 e6 3.Nf3 Nf6 4.Nc3 c5 5.cxd5 Nxd5 6.e4 Nxc3 7.bxc3 cxd4 8.
cxd4 Bb4+ 9.Bd2 Bxd2+ 10.Qxd2 O-O 11.Bc4 Nd7 12.O-O b6 13.Rfe1 Bb7 14.Rad1
Rc8 15.Bb3 Re8 16.h3 Qf6 17.Ba4 Red8 18.Bxd7 Rxd7 19.d5 h6 20.Re3 Rc4 21.
Qe2 Rc5 22.Ra3 exd5 23.e5 Qf4 24.Rxa7 Rc1 25.Rxc1 Qxc1+ 26.Qe1 Qxe1+ 27.
Nxe1 d4 28.f4 1/2-1/2

[Event "23rd EUR-ch"]
[Site "Vrnjacka Banja SRB"]
[Date "2023.03.11"]
[Round "9.18"]
[White "Livaic, Leon"]
[Black "Anton Guijarro, David"]
[Result "0-1"]
[WhiteElo "2569"]
[BlackElo "2685"]
[EventDate "2023.03.03"]
[PlyCount "78"]

1.d4 d5 2.c4 e6 3.Nf3 c6 4.e3 Bd6 5.b3 Nd7 6.Bb2 Ngf6 7.Nbd2 Ne4 8.Bd3 f5 
9.O-O Qf6 10.a4 a5 11.Ra2 Bb4 12.Qc1 O-O 13.Be2 b6 14.Nxe4 fxe4 15.Ne5 
Nxe5 16.dxe5 Qg6 17.Ba3 Bxa3 18.Qxa3 c5 19.Qc1 Bb7 20.f4 exf3 21.Bxf3 Qg5 
22.e4 Qxc1 23.Rxc1 dxe4 24.Bg4 Rad8 25.Bxe6+ Kh8 26.Bg4 Rf4 27.h3 g6 28.
Rf2 Rxf2 29.Kxf2 Kg7 30.Rd1 e3+ 31.Kxe3 Rxd1 32.Bxd1 Bxg2 33.h4 Bh3 34.Ke4
Be6 35.Kf4 Bf5 36.h5 h6 37.hxg6 Bxg6 38.Kg4 Kf7 39.Kf4 Ke7 0-1